<?xml version="1.0" encoding="UTF-8"?>
<record
    xmlns:xsi="http://www.w3.org/2001/XMLSchema-instance"
    xsi:schemaLocation="http://www.loc.gov/MARC21/slim http://www.loc.gov/standards/marcxml/schema/MARC21slim.xsd"
    xmlns="http://www.loc.gov/MARC21/slim">

  <leader>00618ntaaa2200193   4500</leader>
  <controlfield tag="003">01</controlfield>
  <controlfield tag="005">20251027202528.0</controlfield>
  <controlfield tag="008">0714s1973  ag    01 </controlfield>
  <datafield tag="040" ind1=" " ind2=" ">
    <subfield code="a">AR-BaBN</subfield>
    <subfield code="b">spa</subfield>
    <subfield code="c">AR-BaBN</subfield>
    <subfield code="e">aacr</subfield>
    <subfield code="d">RIC</subfield>
  </datafield>
  <datafield tag="082" ind1=" " ind2=" ">
    <subfield code="a">282.0000 D44</subfield>
  </datafield>
  <datafield tag="100" ind1=" " ind2=" ">
    <subfield code="a">De Pazos, Juan Mar&#xED;a </subfield>
    <subfield code="9">24244</subfield>
  </datafield>
  <datafield tag="245" ind1=" " ind2=" ">
    <subfield code="a">El Sensato</subfield>
  </datafield>
  <datafield tag="250" ind1=" " ind2=" ">
    <subfield code="a">1 ed.</subfield>
  </datafield>
  <datafield tag="260" ind1=" " ind2=" ">
    <subfield code="a">Santiago : </subfield>
    <subfield code="b">Oficina de D. Juan Mar&#xED;a de Pazos, </subfield>
    <subfield code="c">1813</subfield>
  </datafield>
  <datafield tag="300" ind1=" " ind2=" ">
    <subfield code="a">377p.,n&#xFA;m. 1601 al 1978</subfield>
  </datafield>
  <datafield tag="500" ind1=" " ind2=" ">
    <subfield code="a">Colicci&#xF3;n del peri&#xF3;dico semanal cat&#xF3;lico desde Julio a Diciembre, 1813 (n&#xFA;meros 98-121), y que contiene noticias, ensayos, etc.</subfield>
  </datafield>
  <datafield tag="650" ind1=" " ind2=" ">
    <subfield code="a">Catolicismo</subfield>
    <subfield code="9">316</subfield>
  </datafield>
  <datafield tag="942" ind1=" " ind2=" ">
    <subfield code="c">BK</subfield>
  </datafield>
  <datafield tag="999" ind1=" " ind2=" ">
    <subfield code="c">20303</subfield>
    <subfield code="d">20303</subfield>
  </datafield>
  <datafield tag="952" ind1=" " ind2=" ">
    <subfield code="0">0</subfield>
    <subfield code="1">0</subfield>
    <subfield code="4">0</subfield>
    <subfield code="7">0</subfield>
    <subfield code="a">BP</subfield>
    <subfield code="b">BP</subfield>
    <subfield code="d">2025-10-27</subfield>
    <subfield code="i">24403</subfield>
    <subfield code="l">0</subfield>
    <subfield code="o">282.0000 D44</subfield>
    <subfield code="p">24403</subfield>
    <subfield code="r">2025-10-27 20:25:28</subfield>
    <subfield code="w">2025-10-27</subfield>
    <subfield code="y">T</subfield>
  </datafield>
</record>
